Missing Word: Chris Evans Quiz Stats

 Plays Quiz Updated Jul 19, 2014

Challenge
Share
Tweet
Embed
Score 0/13 Timer 03:00
0 Plays Today
Movie Missing Word % Correct
Scott Pilgrim vs. the _____World
86.3%
_____ Your Number?What's
86.2%
Not Another _____ MovieTeen
85.2%
Fantastic Four: _____ of the Silver SurferRise
75.7%
Captain America: The First _____Avenger
74.4%
Captain America: The _____ SoldierWinter
71.7%
Thor: The _____ WorldDark
70.3%
The _____ DiariesNanny
38.1%
The Perfect _____Score
25.9%
_____ for Terra*Battle
18%
Street _____Kings
17.7%
The _____ of a Teardrop DiamondLoss
15.1%
_____ PeopleFierce
12.5%

Today's Daily Dose

You're not logged in!

Compare scores with friends on all Sporcle quizzes.
Join for Free
OR
Log In

You Might Also Like...

Show Comments

Extras

Top Quizzes Today


Score Distribution

Your Account Isn't Verified!

In order to create a playlist on Sporcle, you need to verify the email address you used during registration. Go to your Sporcle Settings to finish the process.

Report this User

Report this user for behavior that violates our Community Guidelines.

Details: